| 000 | 00526cam a2200205ua 4500 | ||
|---|---|---|---|
| 001 | 1699 | ||
| 008 | 110715n ii |||gr||||Z||||||eng | ||
| 020 | _a81-8283-012-5 | ||
| 040 | _cMAIN | ||
| 082 | _a577.14 | ||
| 100 | _aSharma, B. K., | ||
| 245 | 1 |
_aEnvironmental chemistry _cby B. K. Sharma |
|
| 250 | _a8th. | ||
| 260 |
_aMeerut: _bGoel publishing house, _c2005. |
||
| 300 |
_axvi; 380p: _c25cm. |
||
| 653 | _aeconomics | ||
| 653 | _aenvironmental chemistry | ||
| 700 |
_aed by Sharma, Priyush, _eauthor. |
||
| 942 | _cBK | ||
| 999 |
_c1584 _d1584 |
||